|
|
|
|
| LEADER |
00000cam a2200000 7i4500 |
| 001 |
0000062616 |
| 005 |
20160417.0 |
| 008 |
160417 |
| 020 |
|
|
|a 9789836239242
|
| 020 |
|
|
|a 9836239243
|
| 090 |
0 |
0 |
|a 793.319595
|b MOH
|
| 100 |
1 |
|
|a Mohd Ghouse Nasuruddin
|
| 245 |
1 |
0 |
|a Tarian melayu
|c Mohd Ghouse Nasuruddin
|
| 260 |
|
|
|a Kuala Lumpur :
|b Dewan Bahasa dan Pustaka ,
|c 1994
|
| 650 |
|
0 |
|a Dance music
|z Malaysia
|
| 650 |
|
0 |
|a Dancing
|z Malaysia
|
| 650 |
|
0 |
|a Folk dancing
|z Malaysia
|
| 650 |
|
0 |
|a Malays
|x music
|
| 999 |
|
|
|a 0000771589
|b Book
|c Adult Collection
|e Cawangan Bandar Penawar
|
| 999 |
|
|
|a 0000771591
|b Book
|c Adult Collection
|e Cawangan Bandar Penawar
|
| 999 |
|
|
|a 0000779884
|b Book
|c Adult Collection
|e Cawangan Pontian
|
| 999 |
|
|
|a 0000779886
|b Book
|c Adult Collection
|e Cawangan Pontian
|
| 999 |
|
|
|a 0000779888
|b Book
|c Adult Collection
|e Cawangan Pontian
|
| 999 |
|
|
|a 0000793994
|b Book
|c Adult Collection
|e Cawangan Segamat
|
| 999 |
|
|
|a 0000793996
|b Book
|c Adult Collection
|e Cawangan Segamat
|
| 999 |
|
|
|a 0000793997
|b Book
|c Adult Collection
|e Cawangan Segamat
|
| 999 |
|
|
|a 0000887665
|b Book
|c Adult Collection
|e Cawangan Tangkak
|
| 999 |
|
|
|a 0000887666
|b Book
|c Adult Collection
|e Cawangan Pontian
|